Фотометрические характеристики импульсных ламп ИСШ 400-3 и ИФП 600; Импульсная фотометрия; Вып. 5

Бібліографічні деталі
Parent link:Импульсная фотометрия: [сборник статей]/ Государственный оптический институт им. С. И. Вавилова ; под ред. А. А. Волькенштейна.— , 1969-1986
Вып. 5.— 1978.— С. 156-161
Автор: Пахомов В. К.
Інші автори: Старикова В. Н.
Мова:Російська
Опубліковано: 1978
Серія:Фотометрические и спектрофотометрические исследования источников импульсного излучения
Формат: MixedMaterials Частина з книги
KOHA link:https://koha.lib.tpu.ru/cgi-bin/koha/opac-detail.pl?biblionumber=209034

MARC

LEADER 00000naa2a2200000 4500
001 209034
005 20231031191628.0
035 |a (RuTPU)RU\TPU\book\228325 
035 |a RU\TPU\book\228324 
090 |a 209034 
100 |a 20120208d1978 k y0rusy50 ca 
101 0 |a rus 
102 |a RU 
200 1 |a Фотометрические характеристики импульсных ламп ИСШ 400-3 и ИФП 600  |f В. К. Пахомов, В. Н. Старикова 
225 1 |a Фотометрические и спектрофотометрические исследования источников импульсного излучения 
320 |a Библиогр.: с. 161 (5 назв.) 
461 0 |0 (RuTPU)RU\TPU\book\226521  |t Импульсная фотометрия  |o [сборник статей]  |f Государственный оптический институт им. С. И. Вавилова ; под ред. А. А. Волькенштейна  |d 1969-1986 
463 0 |0 (RuTPU)RU\TPU\book\227773  |t Вып. 5  |v С. 156-161  |d 1978  |p 264 с. 
700 1 |a Пахомов  |b В. К. 
701 1 |a Старикова  |b В. Н. 
801 1 |a RU  |b 63413507  |c 20120206 
801 2 |a RU  |b 63413507  |c 20120208  |g RCR 
942 |c BK